[Event "London Classic Open 2016"]
[Site "London ENG"]
[Date "2016.12.11"]
[Round "4.82"]
[White "Newton, Andrew"]
[Black "Stewart, Ashley"]
[Result "1/2-1/2"]
[WhiteElo "1887"]
[BlackElo "2105"]
[WhiteFideId "2403285"]
[BlackFideId "419001"]
[EventDate "2016.12.09"]

1. d4 Nf6 2. c4 g6 3. Nc3 d5 4. Nf3 Bg7 5. Qb3 dxc4 6. Qxc4 O-O 7. e4 Nc6 8. Be2
Bg4 9. d5 Na5 10. Qb4 Bxf3 11. Bxf3 c6 12. O-O e6 13. Rd1 Qb6 14. Qa4 Nd7 15.
dxe6 Nc5 16. exf7+ Rxf7 17. Qc2 Nc4 18. Na4 Nxa4 19. Qxc4 Nxb2 20. Bxb2 Qxb2 21.
Rab1 Qc3 22. Qxc3 Bxc3 23. Bg4 Re8 24. f3 c5 25. Rd7 Bd4+ 26. Kf1 b6 27. Rxf7
Kxf7 28. Bd7 Rd8 29. Bb5 Ke7 30. Ke2 Be5 31. h3 Rd4 32. Rd1 Rb4 33. a4 Bd4 34.
f4 a6 35. Bc6 Kd6 36. Be8 Ke7 37. Bc6 Kd6 38. Be8 Ke7 1/2-1/2

[Event "London Classic Open 2016"]
[Site "London ENG"]
[Date "2016.12.11"]
[Round "4.83"]
[White "Harari, Zaki"]
[Black "Burbidge, Duncan R"]
[Result "0-1"]
[WhiteElo "2102"]
[BlackElo "1918"]
[WhiteFideId "2002639"]
[BlackFideId "412198"]
[EventDate "2016.12.09"]

1. e4 e6 2. d4 d5 3. Nc3 dxe4 4. Nxe4 Nd7 5. Nf3 Ngf6 6. Ng3 c5 7. Be2 cxd4 8.
Nxd4 Bc5 9. O-O O-O 10. c3 a6 11. a4 Qc7 12. Kh1 e5 13. Ndf5 Re8 14. b4 Bf8 15.
Qb3 e4 16. Nd4 b6 17. Be3 Bb7 18. c4 Rad8 19. a5 bxa5 20. Rxa5 Ne5 21. c5 Rxd4
22. Bxd4 Nc6 23. Bxf6 Nxa5 24. Qa4 gxf6 25. bxa5 Re5 26. Nh5 Qc6 27. Qxc6 Bxc6
28. Nxf6+ Kg7 29. Nh5+ Kg6 30. Nf4+ Kf5 31. Nh5 Rxc5 32. Bxa6 Rxa5 33. Bc8+ Ke5
34. Ng3 Bc5 35. Bg4 Ra2 36. Be2 Bd5 37. h4 f5 38. f4+ Ke6 39. Kh2 Be7 40. h5 Bh4
41. Bb5 Rb2 42. Ba6 Kf6 43. Rd1 Be6 44. Rd6 Ke7 45. Rc6 Kd7 46. Rc3 Kd6 47. Bc8
Bxg3+ 48. Kxg3 Rd2 49. Bxe6 Kxe6 50. Rc8 Rd7 51. Re8+ Kd5 52. Re5+ Kd4 53. Rxf5
Ke3 54. Ra5 Ke2 55. f5 e3 56. Re5 Kd2 57. Kf3 Rd3 58. f6 0-1

[Event "London Classic Open 2016"]
[Site "London ENG"]
[Date "2016.12.11"]
[Round "4.84"]
[White "Compton, Alistair"]
[Black "Levene, Joseph"]
[Result "1-0"]
[WhiteElo "2099"]
[BlackElo "1895"]
[WhiteFideId "4300645"]
[BlackFideId "423599"]
[EventDate "2016.12.09"]

1. e4 e5 2. Nc3 Nc6 3. Bc4 Nf6 4. d3 Na5 5. Nge2 Bc5 6. O-O O-O 7. Bg5 c6 8. a4
Nxc4 9. dxc4 d6 10. Qd3 h6 11. Bxf6 Qxf6 12. Rad1 a5 13. Kh1 Qg5 14. Ng3 Bg4 15.
f3 Be6 16. Nce2 Rad8 17. f4 exf4 18. Nxf4 Bg4 19. Rd2 Qe5 20. Nf5 Rfe8 21. h3
Bxf5 22. exf5 Qe4 23. Nh5 Qxd3 24. cxd3 Bd4 25. Nf4 Re3 26. Ne2 Bf6 27. Nc3 Bxc3
28. bxc3 Rde8 29. Kh2 R8e5 30. Rb1 Re7 31. Rf1 f6 32. Rb1 Kf8 33. Rb3 Ke8 34. d4
Kd8 35. d5 c5 36. Rc2 R3e4 37. Rb5 Rxc4 38. Rxa5 Kc8 39. Ra8+ Kc7 40. a5 Re3 41.
Rg8 Rcxc3 42. Rxg7+ Kc8 43. Rg8+ Kd7 44. Rg7+ Kc8 45. Rg8+ Kc7 46. Rg7+ Kb8 47.
Rxc3 Rxc3 48. Rd7 Rd3 49. Rxd6 c4 50. a6 c3 51. axb7 Kxb7 52. Rc6 Rxd5 53. Rxc3
Rxf5 54. g4 Rd5 55. Rf3 Rd6 56. Kg3 Kc7 57. Kh4 Kd7 58. Kh5 Ke7 59. Kxh6 Rd5 60.
h4 Rd4 61. Kh5 Rd8 62. g5 fxg5 63. hxg5 Rd1 64. Kh6 Rh1+ 65. Kg7 Ke6 66. g6 Rg1
67. Rf2 Rg3 68. Rf1 Rg2 69. Re1+ Kf5 70. Kf7 Rh2 71. g7 Rh7 72. Kf8 1-0

[Event "London Classic Open 2016"]
[Site "London ENG"]
[Date "2016.12.11"]
[Round "4.85"]
[White "Kuntner, Reinhard2"]
[Black "Tirado Parra, Alberto"]
[Result "0-1"]
[WhiteElo "2086"]
[BlackElo "1908"]
[WhiteFideId "1630555"]
[BlackFideId "2265354"]
[EventDate "2016.12.09"]

1. c4 f5 2. g3 Nf6 3. Bg2 e6 4. e3 c6 5. Nc3 d5 6. b3 Bd6 7. Nge2 O-O 8. Bb2 b6
9. O-O Bb7 10. Nd4 Re8 11. cxd5 cxd5 12. Rc1 Ba6 13. Nxe6 Rxe6 14. Nxd5 Nbd7 15.
d3 Rc8 16. Qd2 Ne5 17. Nxf6+ Rxf6 18. f4 Rxc1 19. fxe5 Rxf1+ 20. Bxf1 Re6 21.
exd6 Rxd6 22. Qc3 Qd7 23. Ba3 Rd5 24. Qb4 Qd8 25. h4 Bxd3 26. Bg2 Be4 27. Bf1
Rd1 28. Qc4+ Kh8 29. Qe2 Qd3 0-1

[Event "London Classic Open 2016"]
[Site "London ENG"]
[Date "2016.12.11"]
[Round "4.86"]
[White "Johnson, Daniel"]
[Black "Sucikova, Svetlana"]
[Result "1/2-1/2"]
[BlackTitle "WFM"]
[WhiteElo "1877"]
[BlackElo "2083"]
[WhiteFideId "1721283"]
[BlackFideId "14923653"]
[EventDate "2016.12.09"]

1. d4 d5 2. Nf3 Nf6 3. Bf4 e6 4. e3 Bd6 5. Bg3 O-O 6. Nbd2 b6 7. c3 c5 8. Bd3
Ba6 9. Bxa6 Nxa6 10. Qe2 Nc7 11. Qd3 Nh5 12. Bxd6 Qxd6 13. O-O b5 14. Rfe1 b4
15. dxc5 Qxc5 16. Rec1 Rfc8 17. cxb4 Qxb4 18. a3 Qb7 19. Rc3 Nf6 20. Ne5 Nce8
21. Rac1 Rxc3 22. Qxc3 Rb8 23. Nc6 Ra8 24. b4 Nd6 25. Qc5 Qd7 26. Ne5 Qd8 27.
Qc7 Nfe8 28. Qxd8 Rxd8 29. Nc6 Rd7 30. a4 a6 31. Nb8 Rc7 32. Rxc7 Nxc7 33. Nb3
Nb7 34. Nd7 f6 35. Kf1 Kf7 36. Ke2 Ke7 37. Ndc5 Nxc5 38. Nxc5 Kd6 39. Nb3 e5 40.
Kd3 Kc6 41. f4 g6 42. g3 Kd6 43. Nc5 Kc6 44. Nb3 Kd6 45. Nc5 Kc6 46. Nb3 1/2-1/2

[Event "London Classic Open 2016"]
[Site "London ENG"]
[Date "2016.12.11"]
[Round "4.87"]
[White "Mitra, Roman C"]
[Black "Jennings, Richard"]
[Result "1-0"]
[WhiteElo "2083"]
[BlackElo "1879"]
[WhiteFideId "419540"]
[BlackFideId "2404435"]
[EventDate "2016.12.09"]

1. e4 d6 2. g3 e5 3. Bg2 Nf6 4. Ne2 Be7 5. d3 O-O 6. O-O c6 7. c3 Nbd7 8. Qc2
Re8 9. h3 d5 10. f4 dxe4 11. dxe4 Bc5+ 12. Kh1 Qc7 13. f5 b6 14. g4 Ba6 15. Bf3
Kf8 16. g5 Ng8 17. b4 Bd6 18. a4 c5 19. b5 Bb7 20. c4 a6 21. Bb2 axb5 22. axb5
Rxa1 23. Bxa1 Ra8 24. Nbc3 Be7 25. Rg1 Bxg5 26. Rxg5 Rxa1+ 27. Kg2 Ndf6 28. Rg3
Qd6 29. h4 Nh6 30. Kf2 Ra3 31. Qc1 Ra8 32. Qg5 Ne8 33. Bg2 Qd8 34. Ke3 f6 35.
Qh5 Ra3 36. Kf2 Qd2 37. Nb1 Rxg3 38. Nxd2 Rd3 39. Ke1 Nd6 40. Nc1 Rg3 41. Qe2
Nhxf5 42. exf5 Rxg2 43. Qd3 Ke7 44. Ne2 Rh2 45. Nc3 Rxh4 46. Nd5+ Kf8 47. Nxb6
Rd4 48. Qh3 h6 49. Nd7+ Ke7 50. Nxc5 Bc8 51. Qa3 Bxf5 52. b6 Bc8 53. b7 Nxc4 54.
Nxc4 1-0

[Event "London Classic Open 2016"]
[Site "London ENG"]
[Date "2016.12.11"]
[Round "4.88"]
[White "Johnson, Paul A"]
[Black "Vardan, Nagpal"]
[Result "0-1"]
[WhiteElo "1866"]
[BlackElo "2079"]
[WhiteFideId "415677"]
[BlackFideId "25089544"]
[EventDate "2016.12.09"]

1. d4 d5 2. Nf3 Nf6 3. c4 c6 4. Nc3 e6 5. e3 a6 6. Bd3 dxc4 7. Bxc4 b5 8. Bd3 c5
9. b3 Bb7 10. O-O Be7 11. Bb2 Nbd7 12. Qe2 O-O 13. Rfd1 Qb6 14. Ne5 cxd4 15.
Nxd7 Nxd7 16. exd4 Nf6 17. d5 Rae8 18. dxe6 Bc5 19. Bf5 fxe6 20. Bh3 e5 21. Rac1
Bd4 22. Rf1 e4 23. Nd1 Bxb2 24. Qxb2 Nd5 25. Qd2 Rd8 26. Qg5 Nf4 27. Bg4 h5 28.
Bxh5 Rd5 29. Qe7 Rxh5 30. Rc7 Qg6 31. Ne3 Ne2+ 0-1

[Event "London Classic Open 2016"]
[Site "London ENG"]
[Date "2016.12.11"]
[Round "4.89"]
[White "Waddington, Mike P"]
[Black "Ratnesan, Ranesh"]
[Result "1-0"]
[WhiteTitle "FM"]
[WhiteElo "2078"]
[BlackElo "1875"]
[WhiteFideId "410497"]
[BlackFideId "439339"]
[EventDate "2016.12.09"]

1. c4 Nf6 2. Nc3 g6 3. e4 d6 4. d4 Bg7 5. Bg5 c5 6. d5 b5 7. cxb5 Qa5 8. Qd2 h6
9. Bh4 a6 10. f3 O-O 11. a4 g5 12. Bf2 Nbd7 13. Ra3 Ne5 14. h4 g4 15. h5 gxf3
16. gxf3 Ne8 17. Be3 Kh7 18. Be2 f5 19. f4 Ng4 20. Bxg4 fxg4 21. Nge2 Qb4 22. e5
Bf5 23. Ng3 dxe5 24. fxe5 Bxe5 25. Nxf5 Rxf5 26. Qc2 Nd6 27. bxa6 Bg3+ 28. Kd1
Rf8 29. Nb5 Nc4 30. Rc3 Nxb2+ 31. Kc1 Nxa4 32. Rb3 Qa5 33. a7 Kg7 34. Rd1 Bd6
35. Qc4 Nb6 36. Qxg4+ Kh8 37. Bxh6 Bf4+ 38. Bxf4 Rxf4 39. Qe2 Rc4+ 40. Kb1 Qa4
41. Qb2+ Kh7 42. Nc3 Qxb3 43. Qxb3 Rb4 44. Qxb4 cxb4 45. Nb5 Kh6 46. d6 Kxh5 47.
dxe7 Re8 48. Re1 Na8 49. Nd6 1-0

[Event "London Classic Open 2016"]
[Site "London ENG"]
[Date "2016.12.11"]
[Round "4.90"]
[White "Opasiak, Dustin Tennessee"]
[Black "Abrahams, Daniel"]
[Result "0-1"]
[WhiteElo "1823"]
[BlackElo "2071"]
[WhiteFideId "24630217"]
[BlackFideId "2606879"]
[EventDate "2016.12.09"]

1. Nf3 e6 2. d3 c5 3. e4 Nc6 4. g3 d5 5. Nbd2 Bd6 6. Bg2 Nge7 7. O-O O-O 8. Re1
f6 9. a4 Rb8 10. c3 d4 11. Nc4 Bc7 12. cxd4 cxd4 13. Bd2 a6 14. a5 e5 15. Qc2
Be6 16. Rec1 Nc8 17. b4 N8a7 18. Qa4 Nb5 19. Na3 Nca7 20. Rc2 Qd7 21. Nc4 Qf7
22. Bc1 Nc3 23. Qb3 Nab5 24. Bb2 Rfd8 25. Kf1 Rbc8 26. Nfd2 Bb8 27. Re1 Nd6 28.
Bxc3 Rxc4 29. Nxc4 Nxc4 30. Qa4 dxc3 31. Rxc3 Nd6 32. Rd1 Nb5 0-1

[Event "London Classic Open 2016"]
[Site "London ENG"]
[Date "2016.12.11"]
[Round "4.91"]
[White "Dushyant, Sharma"]
[Black "Fernandez Aransay, Fernando"]
[Result "1-0"]
[WhiteElo "2066"]
[BlackElo "1862"]
[WhiteFideId "25065130"]
[BlackFideId "2216280"]
[EventDate "2016.12.09"]

1. e4 c5 2. Nf3 d6 3. d4 cxd4 4. Nxd4 Nf6 5. Nc3 g6 6. Be3 Bg7 7. f3 O-O 8. Qd2
Nc6 9. O-O-O d5 10. Qe1 e5 11. Nxc6 bxc6 12. exd5 Nxd5 13. Bc4 Be6 14. Kb1 Nxc3+
15. Qxc3 Qc8 16. Bb3 e4 17. Bd4 Bxd4 18. Rxd4 Bxb3 19. axb3 exf3 20. Qxf3 Qc7
21. h4 Rad8 22. Rc4 Rd6 23. h5 Qd7 24. Rf1 Rd8 25. Ka2 Rd5 26. hxg6 fxg6 27. Rf4
Qd6 28. Rf6 Qc5 29. g4 Re8 30. Rxg6+ hxg6 31. Qf7+ Kh8 32. Rh1+ Rh5 33. Qxe8+
Kg7 34. gxh5 Qa5+ 35. Kb1 1-0

[Event "London Classic Open 2016"]
[Site "London ENG"]
[Date "2016.12.11"]
[Round "4.92"]
[White "Siddharth, Gopakumar"]
[Black "Tiwari, Ashwani"]
[Result "1-0"]
[BlackTitle "FM"]
[WhiteElo "1822"]
[BlackElo "2065"]
[WhiteFideId "5053463"]
[BlackFideId "5006961"]
[EventDate "2016.12.09"]

1. e4 c5 2. Nf3 g6 3. d4 cxd4 4. Qxd4 Nf6 5. e5 Nc6 6. Qa4 Nd5 7. Qe4 Nc7 8. Bf4
Bg7 9. Nc3 Ne6 10. Bg3 a6 11. O-O-O b5 12. h4 h5 13. Ng5 Bh6 14. f4 Bxg5 15.
hxg5 Qa5 16. Kb1 Bb7 17. Nd5 Nc7 18. Be1 b4 19. Bc4 Nxd5 20. Bxd5 e6 21. Bb3 Qc7
22. Qd3 a5 23. Ba4 O-O-O 24. Bf2 Ne7 25. Qb5 Nd5 26. Rd4 Bc6 27. Qa6+ Kb8 28.
Bxc6 dxc6 29. Rc4 Rc8 30. Bc5 Rhd8 31. Bd6 Rxd6 32. exd6 Qxd6 33. Qxa5 Kb7 34.
g3 Ra8 35. Qc5 Qxc5 36. Rxc5 Kb6 37. Rc4 c5 38. Re4 Kc6 39. Rd1 Rh8 40. Re2 c4
41. Rh1 Rd8 42. Ree1 Ne7 43. Re4 Kc5 44. b3 cxb3 45. axb3 Nd5 46. Rc4+ Kd6 47.
Rd1 Rh8 48. Rxb4 h4 49. gxh4 Rxh4 50. Kb2 Ke7 51. Rb7+ Kf8 52. c4 Ne3 53. Rd8+
Kg7 54. Rbb8 1-0

[Event "London Classic Open 2016"]
[Site "London ENG"]
[Date "2016.12.11"]
[Round "4.93"]
[White "Stanisz, Patryk"]
[Black "Giakoustidis, Spiros-Avgerinos"]
[Result "1-0"]
[WhiteElo "2064"]
[BlackElo "1800"]
[WhiteFideId "1123106"]
[BlackFideId "4208668"]
[EventDate "2016.12.09"]

1. d4 d5 2. c4 c6 3. Nf3 Nf6 4. e3 e6 5. Nc3 Nbd7 6. Qc2 Bd6 7. Bd3 dxc4 8. Bxc4
Nb6 9. Bd3 h6 10. e4 Be7 11. O-O O-O 12. Rd1 Bd7 13. Qe2 Re8 14. e5 Nh7 15. Nd2
f5 16. exf6 Bxf6 17. Nde4 Be7 18. Qh5 Bg5 19. Nd6 Re7 20. Bxh7+ Kxh7 21. Bxg5
Be8 22. Qh4 Qxd6 23. Bxe7 Qd7 24. Bg5 Nc4 25. Ne4 Kg6 26. Bc1 Rd8 27. Nc5 Qd5
28. Nxe6 1-0

[Event "London Classic Open 2016"]
[Site "London ENG"]
[Date "2016.12.11"]
[Round "4.94"]
[White "Jekel, Wolfgang"]
[Black "Jamroz, Krzysztof"]
[Result "0-1"]
[WhiteElo "1790"]
[BlackElo "2045"]
[WhiteFideId "4690370"]
[BlackFideId "1111850"]
[EventDate "2016.12.09"]

1. f4 b6 2. Nf3 Bb7 3. e3 Nf6 4. d4 g6 5. Bd3 Bg7 6. c3 d6 7. Nbd2 Nbd7 8. O-O
O-O 9. Qe2 Nd5 10. f5 e5 11. fxe6 fxe6 12. a3 c5 13. Nc4 Qe7 14. g3 e5 15. e4
N5f6 16. dxe5 dxe5 17. Bg5 Rae8 18. Rae1 h6 19. Bc1 Kh7 20. Nh4 Qe6 21. Qg2 b5
22. Ne3 c4 23. Bc2 Ng8 24. Nd5 Ne7 25. Nxe7 Rxe7 26. Be3 a5 27. Rxf8 Bxf8 28.
Rd1 Rf7 29. Qd2 Nf6 30. Qg2 Qg4 31. h3 Qe6 32. Bc1 Bc5+ 33. Kh2 Ng4+ 34. Kh1
Nf2+ 35. Kh2 0-1

[Event "London Classic Open 2016"]
[Site "London ENG"]
[Date "2016.12.11"]
[Round "4.95"]
[White "Ainsworth, George"]
[Black "Lentzos, Ioanis"]
[Result "1-0"]
[WhiteElo "1711"]
[BlackElo "2035"]
[WhiteFideId "449636"]
[BlackFideId "4255470"]
[EventDate "2016.12.09"]

1. e4 c6 2. Nf3 d5 3. Nc3 Nf6 4. e5 Ne4 5. d4 Nxc3 6. bxc3 Bg4 7. Be2 e6 8. O-O
Be7 9. Rb1 b5 10. Bd2 O-O 11. Ra1 Nd7 12. h3 Bxf3 13. Bxf3 Nb6 14. Be2 Nc4 15.
Bxc4 bxc4 16. a4 Qa5 17. Qg4 Kh8 18. f4 c5 19. Rf2 Qb6 20. f5 exf5 21. Rxf5 cxd4
22. cxd4 Qb2 23. Raf1 f6 24. exf6 Bxf6 25. Kh1 Qxc2 26. Bh6 Rg8 27. Bg5 Bxg5 28.
Rxg5 Qxa4 29. Rf7 g6 30. Qf4 Rg7 31. Qf6 Rg8 32. Rxd5 Qb4 33. Rd8 Qb1+ 34. Kh2
Qf5 1-0

[Event "London Classic Open 2016"]
[Site "London ENG"]
[Date "2016.12.11"]
[Round "4.96"]
[White "Riedener, Toni"]
[Black "Rushbrooke, Tibo"]
[Result "0-1"]
[WhiteElo "2026"]
[BlackElo "1502"]
[WhiteFideId "1302698"]
[BlackFideId "433900"]
[EventDate "2016.12.09"]

1. d4 f5 2. g3 Nf6 3. Bg2 e6 4. c4 Be7 5. Nh3 O-O 6. O-O d6 7. b3 Qe8 8. Bb2
Nbd7 9. Nf4 Bd8 10. d5 Nc5 11. dxe6 Rb8 12. Nc3 Nxe6 13. Nfd5 Nh5 14. Qd2 f4 15.
Ne4 Ng5 16. Nxg5 Bxg5 17. Nxc7 Qd8 18. Qd5+ Kh8 19. Nb5 fxg3 20. hxg3 Nf4 21.
Qxd6 Nxe2+ 22. Kh2 Qe8 23. Bh3 Bxh3 24. Kxh3 Qh5+ 25. Kg2 Nf4+ 26. Kg1 Qh3 27.
gxf4 Bxf4 28. Bxg7+ Kxg7 29. Qd4+ Rf6 30. Qd7+ Qxd7 0-1

[Event "London Classic Open 2016"]
[Site "London ENG"]
[Date "2016.12.11"]
[Round "4.97"]
[White "Ignatovic, Ernest"]
[Black "Ditmas, Hugh"]
[Result "1/2-1/2"]
[WhiteElo "1630"]
[BlackElo "2018"]
[WhiteFideId "12806986"]
[BlackFideId "1270666"]
[EventDate "2016.12.09"]

1. d4 Nf6 2. g3 e6 3. Bg2 d5 4. Nf3 Be7 5. c4 O-O 6. O-O dxc4 7. Qc2 a6 8. a4
Bd7 9. Ne5 Bc6 10. Nxc6 Nxc6 11. Bxc6 bxc6 12. Qxc4 Qd5 13. b3 Rfd8 14. Rd1 c5
15. Ba3 Kf8 16. Nd2 Qxc4 17. Nxc4 cxd4 18. Bxe7+ Kxe7 19. Ne5 Rd5 20. Nc6+ Kd7
21. Nxd4 c5 22. Nc2 Rb8 23. Ne3 Rd4 24. Nc2 Rxd1+ 25. Rxd1+ Kc7 26. Rd3 Nd5 27.
Na3 f6 28. Nc4 Rd8 29. e4 Nb4 30. Rxd8 Kxd8 31. f4 Kc7 32. Kf1 Nc2 33. Nd2 Nd4
34. Kf2 Kc6 35. Ke3 f5 36. Kd3 g6 37. exf5 exf5 38. Kc4 Nc2 39. Nf3 Ne3+ 40. Kd3
Ng4 41. Kc4 Ne3+ 42. Kd3 Ng4 43. Kc4 Ne3+ 44. Kd3 1/2-1/2

[Event "London Classic Open 2016"]
[Site "London ENG"]
[Date "2016.12.11"]
[Round "4.98"]
[White "Iyengar, Ilya"]
[Black "Mulay, Partha"]
[Result "1-0"]
[WhiteElo "2008"]
[BlackElo "1767"]
[WhiteFideId "405949"]
[BlackFideId "436038"]
[EventDate "2016.12.09"]

1. d4 Nf6 2. Nf3 g6 3. g3 Bg7 4. Bg2 O-O 5. O-O d6 6. c4 Nc6 7. d5 Na5 8. Nfd2
c5 9. a3 Nd7 10. Ra2 Qc7 11. Qc2 Nb6 12. b4 cxb4 13. axb4 Naxc4 14. Na3 Nxd2 15.
Qxc7 Nxf1 16. Kxf1 Bf6 17. Bh6 Re8 18. Nb5 Bd7 19. Rxa7 Rec8 20. Qxb6 Bxb5 21.
Bh3 1-0

[Event "London Classic Open 2016"]
[Site "London ENG"]
[Date "2016.12.11"]
[Round "4.99"]
[White "Thatte, Nishchal"]
[Black "Lochte, Thomas"]
[Result "0-1"]
[WhiteElo "1495"]
[BlackElo "2005"]
[WhiteFideId "447234"]
[BlackFideId "4606272"]
[EventDate "2016.12.09"]

1. e4 e5 2. Nf3 Nc6 3. d4 exd4 4. Nxd4 Nf6 5. Nc3 Bb4 6. Nxc6 bxc6 7. Bd3 d5 8.
exd5 cxd5 9. O-O c6 10. Re1+ Be6 11. Bf5 O-O 12. Bd3 Qd6 13. h3 Ba5 14. a3 Bc7
15. f4 g6 16. g4 h5 17. g5 Nh7 18. h4 Bg4 19. Be2 Qc5+ 20. Kh1 Qf2 21. Bxg4 hxg4
22. Rf1 Qxh4+ 23. Kg1 Bb6+ 24. Rf2 Qxf2+ 25. Kh1 Qh4+ 26. Kg2 Qh3# 0-1

[Event "London Classic Open 2016"]
[Site "London ENG"]
[Date "2016.12.11"]
[Round "4.102"]
[White "Bhavik Ahuja"]
[Black "Bin-Suhayl, Ieysaa"]
[Result "0-1"]
[WhiteElo "1344"]
[BlackElo "1988"]
[WhiteFideId "46647392"]
[BlackFideId "429031"]
[EventDate "2016.12.09"]

1. e4 c5 2. Nf3 d6 3. d4 cxd4 4. Nxd4 Nf6 5. Nc3 a6 6. Be3 e5 7. Nb3 Be6 8. Be2
Nbd7 9. Qd2 b5 10. f3 h5 11. O-O-O Qc7 12. Nd5 Bxd5 13. exd5 Be7 14. f4 Rc8 15.
Bf3 e4 16. Be2 Nxd5 17. Na1 Nxe3 18. Qxe3 Nf6 19. Qg3 d5 20. Kb1 g6 21. Rhf1 O-O
22. Qh3 Rfd8 23. f5 Qe5 24. g4 hxg4 25. Bxg4 Nxg4 26. fxg6 Nf6 27. Rf5 Qe6 28.
Rg1 Bf8 29. g7 Bxg7 30. Qg3 Ne8 31. Re5 Qf6 32. h4 Kf8 33. Rg5 Qxb2# 0-1

[Event "London Classic Open 2016"]
[Site "London ENG"]
[Date "2016.12.11"]
[Round "4.103"]
[White "Saksham, Rautela"]
[Black "Eames, Robert S"]
[Result "0-1"]
[BlackTitle "FM"]
[WhiteElo "1768"]
[BlackElo "2187"]
[WhiteFideId "35046977"]
[BlackFideId "408743"]
[EventDate "2016.12.09"]

1. e4 e5 2. Nf3 Nc6 3. Bb5 a6 4. Ba4 d6 5. c3 f5 6. d3 Nf6 7. O-O Be7 8. Bb3 Na5
9. Re1 Nxb3 10. Qxb3 Qd7 11. Ng5 Rf8 12. d4 h6 13. dxe5 dxe5 14. Nf3 fxe4 15.
Nxe5 Qf5 16. Nc4 Ng4 17. Rf1 Bc5 18. Nba3 Bxf2+ 19. Kh1 Nxh2 20. Rxf2 Qxf2 21.
Kxh2 Qh4+ 22. Kg1 Qe1+ 23. Kh2 Rf1 24. Nd6+ cxd6 25. Qg8+ Kd7 26. Qxg7+ Kc6 0-1

[Event "London Classic Open 2016"]
[Site "London ENG"]
[Date "2016.12.11"]
[Round "4.104"]
[White "Peters, Stephen G"]
[Black "Rocco, Federico"]
[Result "0-1"]
[WhiteElo "2128"]
[BlackElo "1927"]
[WhiteFideId "406040"]
[BlackFideId "431362"]
[EventDate "2016.12.09"]

1. d4 Nf6 2. c4 g6 3. Nc3 Bg7 4. e4 d6 5. f3 O-O 6. Nge2 c5 7. d5 a6 8. a4 Nbd7
9. Ng3 h5 10. Bg5 Nh7 11. Bd2 h4 12. Nge2 Ne5 13. Nc1 f5 14. f4 Ng4 15. Be2 Nhf6
16. h3 Nh6 17. Bf3 fxe4 18. Nxe4 Nf5 19. Ne2 Nxe4 20. Bxe4 Bxb2 21. Rb1 Bg7 22.
O-O Rb8 23. Qe1 Qe8 24. a5 Bf6 25. Kh2 Kg7 26. Qd1 Bd7 27. Rf3 Qd8 28. Qb3 Re8
29. Bc3 Qc7 30. Qb2 Kf7 31. Kg1 Nd4 32. Nxd4 cxd4 33. Bxd4 Qxc4 34. Rd3 Rec8 35.
Rbd1 Rc5 36. Qb1 Rb5 37. Qa1 Rc8 38. Kh2 Qb4 39. R1d2 Rxa5 40. Qe1 Rh8 41. Qe2
Qa4 42. Rd1 Qc4 43. Qe3 Ra4 44. Rc3 Bxd4 0-1

[Event "London Classic Open 2016"]
[Site "London ENG"]
[Date "2016.12.11"]
[Round "4.105"]
[White "Horak, Martin"]
[Black "Chilton, James I"]
[Result "1/2-1/2"]
[WhiteElo "2126"]
[BlackElo "1740"]
[WhiteFideId "367095"]
[BlackFideId "423009"]
[EventDate "2016.12.09"]

1. e4 c5 2. Nf3 e6 3. d4 cxd4 4. Nxd4 a6 5. Nc3 Nc6 6. Nxc6 bxc6 7. Bd3 d5 8.
Qe2 d4 9. Nb1 Bd6 10. e5 Qa5+ 11. Nd2 Bxe5 12. O-O Qc7 13. Nf3 Bf6 14. Qe4 Bb7
15. Bf4 Qb6 16. Nd2 c5 17. Qe2 Bd5 18. Be4 Ne7 19. a4 O-O 20. Ra3 Ng6 21. Bg3
Qc6 22. h4 Be7 23. h5 Nh8 24. Re1 c4 25. Rf3 Bb4 26. c3 d3 27. Qe3 Bc5 28. Qg5
f6 29. Qg4 f5 30. Bxd5 Qxd5 31. Qxc4 Qxc4 32. Nxc4 Rfd8 33. Rd1 Rac8 34. Rfxd3
Rxd3 35. Rxd3 Bxf2+ 36. Bxf2 Rxc4 37. Rd8+ Kf7 38. Rxh8 h6 39. Bd4 Rxa4 40. Rh7
Rxd4 41. cxd4 Kg8 42. Kf2 Kxh7 43. Kf3 g5 44. hxg6+ Kxg6 45. Kf4 Kf6 46. b4 e5+
47. dxe5+ Ke6 48. g3 h5 49. Kg5 Kxe5 50. Kxh5 f4 51. gxf4+ Kxf4 52. Kh4 Ke4 53.
Kg3 Kd4 54. Kf2 Kc4 55. Ke2 Kxb4 56. Kd2 Kb3 57. Kc1 Ka2 58. Kc2 a5 59. Kc1 a4
60. Kc2 a3 61. Kc1 Ka1 62. Kc2 Ka2 63. Kc1 Ka1 64. Kc2 a2 65. Kc1 1/2-1/2

[Event "London Classic Open 2016"]
[Site "London ENG"]
[Date "2016.12.11"]
[Round "4.106"]
[White "McKerracher, Douglas"]
[Black "Solli, Oddvar"]
[Result "1/2-1/2"]
[WhiteElo "1962"]
[BlackElo "1731"]
[WhiteFideId "2401002"]
[BlackFideId "1501208"]
[EventDate "2016.12.09"]

1. e4 e5 2. Nf3 Nc6 3. Bb5 a6 4. Bxc6 dxc6 5. O-O Qd6 6. d3 Bg4 7. Nbd2 f6 8. h3
Be6 9. Qe2 Ne7 10. Rd1 O-O-O 11. Nb3 g5 12. Be3 g4 13. hxg4 Bxg4 14. d4 Qe6 15.
Nc5 Qg8 16. dxe5 Rxd1+ 17. Rxd1 fxe5 18. Qd3 Bg7 19. Rd2 Bxf3 20. gxf3 Bf6+ 21.
Kf1 Ng6 22. Nxa6 Qe6 23. Nc5 Qxa2 24. b3 Nf4 25. Bxf4 exf4 26. Qd7+ Kb8 27. Qf5
Bc3 28. Rd1 Qxc2 29. Qd7 Be5 30. b4 h5 31. Qd3 Qxd3+ 32. Nxd3 Bd6 33. Ke2 h4 34.
Rh1 Rh5 35. Rh3 Ka7 36. Kd2 Kb6 37. Kc3 Kb5 38. Kb3 b6 39. Kc3 Ka4 40. Nb2+ Kb5
41. Nd3 Ka4 42. Nb2+ Kb5 43. Nd3 1/2-1/2

[Event "London Classic Open 2016"]
[Site "London ENG"]
[Date "2016.12.11"]
[Round "4.108"]
[White "Caglar, Sila"]
[Black "Roebuck, Derek"]
[Result "1-0"]
[WhiteTitle "WFM"]
[WhiteElo "1938"]
[BlackElo "1653"]
[WhiteFideId "6364063"]
[BlackFideId "3226999"]
[EventDate "2016.12.09"]

1. e4 e5 2. Nc3 Nf6 3. g3 Bc5 4. Bg2 Nc6 5. d3 d6 6. Na4 Bb6 7. Nxb6 axb6 8. Ne2
Be6 9. Nc3 Nd4 10. O-O Qd7 11. Bg5 Ng4 12. Nd5 h6 13. Bd2 Bxd5 14. exd5 Nf6 15.
c3 Nb5 16. a4 Na7 17. f4 O-O 18. fxe5 dxe5 19. Rxf6 gxf6 20. Bxh6 f5 21. Qh5 f6
22. Qg6+ Kh8 23. Bxf8 Rxf8 24. Rf1 Qh7 25. Qxh7+ Kxh7 26. Rxf5 b5 27. Be4 Kg7
28. Rh5 Rh8 29. Rxh8 Kxh8 30. a5 Nc8 31. d6 1-0